Muối của đất Tiểu thuyết

Gardado en:
Detalles Bibliográficos
Autor Principal: Maccốp, G.
Outros autores: Bằng Việt (Dịch), Nguyễn Đức Vinh (Dịch), Lê Khánh Trường (Dịch)
Formato: Libro
Idioma:Vietnamese
Publicado: H. Lao động 1981
Những chủ đề:
Các nhãn: Engadir etiqueta
Sen Etiquetas, Sexa o primeiro en etiquetar este rexistro!
Thư viện lưu trữ: Mạng thư viện Đại học Đà Nẵng
LEADER 00972nam a2200349 4500
001 000004793
003 934
005 20110804140859.0
008 110804s1981 viesd
020 |c 25000đ 
041 0 |a vie 
082 |a 891.73  |b MAC 
100 0 |a Maccốp, G. 
245 0 |a Muối của đất  |b Tiểu thuyết  |c G. Maccốp ; Dịch: Bằng Việt 
260 |a H.  |b Lao động  |c 1981 
300 |a 726 tr.  |c 19 cm. 
500 |a Dịch theo bản tiếng Nga 
653 |a Văn học hiện đại 
653 |a tiểu thuyết 
653 |a Liên Xô 
700 |a Bằng Việt  |e Dịch 
700 |a Nguyễn Đức Vinh  |e Dịch 
700 |a Lê Khánh Trường  |e Dịch 
910 |a Huỳnh Thị Cẩm Lai  |d 04/08/2011 
OWN |a LSP 
999 |a From the UDN01 
TYP |a Monograph 
TYP |a Printed language 
980 |a Mạng thư viện Đại học Đà Nẵng